Szegeden a Kirov balett
Elmentve itt :
| Szerző: | |
|---|---|
| Dokumentumtípus: | Cikk |
| Megjelent: |
1983-08-10
|
| Sorozat: | Délmagyarország
73 No. 188 |
| Kulcsszavak: | Szabadtéri Játékok |
| Online Access: | http://dmarchiv.bibl.u-szeged.hu/123348 |
| LEADER | 00449nab a2200157 i 4500 | ||
|---|---|---|---|
| 001 | delm123348 | ||
| 005 | 20190626135850.0 | ||
| 008 | 190626s1983 hu o 0|| hun d | ||
| 040 | |a SZTE Délmagyarország Archívum |b hun | ||
| 041 | |a hun | ||
| 100 | 1 | |a Nagy László | |
| 245 | 1 | 0 | |a Szegeden a Kirov balett |h [elektronikus dokumentum] / |c Nagy László |
| 260 | |c 1983-08-10 | ||
| 300 | |a 1 | ||
| 490 | 0 | |a Délmagyarország |v 73 No. 188 | |
| 695 | |a Szabadtéri Játékok | ||